000 00499nmm a2200169Ia 4500
008 251105s9999||||xx |||||||||||||||||und||
020 _a9788485887675
041 _aspa
100 _aAlegre Gorri, Antonio
245 0 _aEstudios sobre los presocráticos
264 _a[Madrid, España] :
_bAnthropos,
_c1990
300 _a108 páginas
490 _aAutores, textos y temas. Filosofía
650 _aPhilosophy, Ethics
856 _uhttps://public.digitaliapublishing.com/a/47736
942 _cCF
999 _c86930
_d86930